Práca s počítačom (učebný text)

Bibliographic Details
Main Author: Dúbrava, Milan (Author)
Format: Book
Language:Slovak
PhysicalDescription:48 s. tab. 21 cm
Published: Bratislava Metodické centrum v Bratislave 1998
ISBN:8088796725
Subjects:

MARC

LEADER 00000nam a2200000 a 4500
001 vtls001333119
003 SK-MaSNL
005 20260301065930.0
008 240314s1998 xo p r y slo
015 |a SNBA1998/10-03728 
020 |a 8088796725 
035 |a SNK000286036 
035 |a urn:nbn:sk:snk-amkhs2 
035 |a urn:nbn:sk:snk-am003ctn 
035 |a BD7ABAC2-CB8F-4D9B-98E0-163107194B4E 
040 |a SNK  |b slo  |c SNK  |e AACR2 
041 0 |a slo 
044 |a xo  |c SK 
080 |a 681.3(035)  |2 1981 
100 1 |a Dúbrava, Milan  |4 aut  |9 43488 
245 1 0 |a Práca s počítačom  |b (učebný text)  |c Milan Dúbrava 
260 |a Bratislava  |b Metodické centrum v Bratislave  |c 1998 
300 |a 48 s.  |b tab.  |c 21 cm 
500 |a 400 výt. 
650 0 7 |a počítače  |x obsluha  |x príručky  |2 SNK  |9 385395 
655 7 |a príručky  |2 SNK  |9 74364 
919 |a 80-88796-72-5 
958 |a TL 
958 |a BQ 
999 |c 632524  |d 634454 
952 |t P60, <09>, [BOOK], {629}  |a SNK  |b SNK  |y NEVYP  |7 0  |o snkC 504  |i snk965/980608  |0 0  |1 0  |4 0  |d 1998-06-04  |l 0  |r 2005-01-02 00:00:00  |w 2026-02-23 
952 |t P60, <03>, [BOOK], {603}  |a SNK  |b SNK  |y PREZ  |7 0  |p 17A0141561  |o snkSC 95995  |i snkKSP 5844/98  |0 0  |1 0  |4 0  |d 1998-06-04  |f 1  |l 0  |r 2025-09-16 00:00:00  |w 2026-02-23 
952 |t P60, <04>, [BOOK], {604}  |a SNK  |b SNK  |y VYP  |7 0  |p 17A0141560  |o snkSC 95995 D1  |i snkKSP 5845/98  |0 0  |1 0  |4 0  |d 1998-06-04  |l 0  |r 2005-01-02 00:00:00  |w 2026-02-23